ბათუმის შოთა რუსთაველის სახელმწიფო უნივერსიტეტის ბიბლიოთეკა

ვალდებულებითი სამართალი (ბიბ.ჩანაწერი № 49354)

000 -LEADER
fixed length control field 01039nam a2200253Ia 4500
001 - CONTROL NUMBER
control field 16271
003 - CONTROL NUMBER IDENTIFIER
control field GE_BSU
008 - FIXED-LENGTH DATA ELEMENTS--GENERAL INFORMATION
fixed length control field 181216s||||||||xx |||||||||||||| ||und||
020 ## - INTERNATIONAL STANDARD BOOK NUMBER
International Standard Book Number ISBN 978-9941-0-4002-3
040 ## - CATALOGING SOURCE
Transcribing agency GE_BSU
080 ## - UNIVERSAL DECIMAL CLASSIFICATION NUMBER
Universal Decimal Classification number 347.4(075.8)
100 ## - MAIN ENTRY--PERSONAL NAME
Personal name მარიამიძე, გიორგი
245 ## - TITLE STATEMENT
Title ვალდებულებითი სამართალი
245 ## - TITLE STATEMENT
Remainder of title ზოგადი ნაწილი: ნაწ. 1. სახელმძღვ. კონსპექტი იურისტებისთვის
250 ## - EDITION STATEMENT
Edition statement I-ლი გამოც
260 ## - PUBLICATION, DISTRIBUTION, ETC.
Place of publication, distribution, etc. თბილისი
260 ## - PUBLICATION, DISTRIBUTION, ETC.
Name of publisher, distributor, etc. [რაიზი].
260 ## - PUBLICATION, DISTRIBUTION, ETC.
Date of publication, distribution, etc. 2011
300 ## - PHYSICAL DESCRIPTION
Extent 50 გვ; სქ.20სმ.
653 ## - INDEX TERM--UNCONTROLLED
Uncontrolled term ვალდებულებითი სამართალი - სახელმძღვანელოები უმაღლესი სასწავლებლებისათვის;
653 ## - INDEX TERM--UNCONTROLLED
Uncontrolled term სამართალი
942 ## - ADDED ENTRY ELEMENTS (KOHA)
Koha item type წიგნი
ეგზემპლარები
Withdrawn status Lost status Damaged status Not for loan Date acquired Barcode Date last seen Price effective from Koha item type
        2018-12-17 40676 2018-12-17 2018-12-17 წიგნი
        2018-12-17 40677 2018-12-17 2018-12-17 წიგნი